Paroles : Orelsan ft Skread - Ensemble - Statistiques

Statistiques générales
  • Ce quiz a été pris 238 fois
    90 depuis la dernière actualisation
  • Le résultat moyen est 248 sur 400
Statistiques - réponses
Réponse % Correct
la
98%
98%
On
98%
on
98%
à
96%
A
96%
a
96%
de
94%
j
94%
l'amour
94%
L'amour
94%
m'a
94%
ma
94%
parfait
94%
le
92%
Le
92%
pas
92%
qu
92%
ça
91%
c'est
91%
C'est
91%
vendu
91%
en
89%
que
89%
Donc
87%
donc
87%
moi
87%
d'l'amour
85%
Je
85%
idéal
83%
les
83%
J'ai
81%
j'ai
81%
mal
81%
partout
81%
pour
81%
quand
81%
Quand
81%
vie
81%
Comme
79%
comme
79%
l'homme
79%
si
79%
Ta
79%
voir
79%
J'crois
77%
j'étais
77%
j'suis
75%
J'suis
75%
te
75%
bonheur
74%
idéale
74%
T'es
74%
ensemble
72%
femme
72%
Même
72%
même
72%
super
72%
trouver
72%
est
70%
Jamais
70%
jamais
70%
J'voulais
70%
pourrait
70%
pouvoir
70%
reste
70%
suis
70%
tes
70%
t'es
70%
Viens
70%
fatigue
68%
mauvais
68%
mon
68%
Pourquoi
68%
cru
66%
m'lasser
66%
tout
66%
mauvaise
64%
humeur
62%
peu
62%
peut
62%
va
62%
l'est
60%
Attends
58%
Faut
58%
faute
58%
juste
58%
toujours
58%
vrai
58%
famille
57%
n'est
57%
s'en
57%
sur
57%
des
55%
Des
55%
j'parle
55%
moins
55%
Parce
55%
un
55%
Sauf
53%
planning
51%
rien
51%
Rien
51%
thune
51%
calée
49%
J'fais
49%
j'fais
49%
notre
49%
Sensible
49%
être
47%
J'dis
47%
j'sais
47%
J'sais
47%
j'vois
47%
Maintenant
47%
maintenant
47%
Oublie
47%
passe
47%
amis
45%
C'était
45%
film
45%
J'ramène
45%
mieux
45%
prévoir
45%
qu'en
45%
bien
43%
fais
43%
fois
43%
garder
43%
j'le
43%
l'droit
43%
Mais
43%
parfaite
43%
Passif
43%
sais
43%
taf
43%
avant
42%
fait
42%
fera
42%
il
42%
J'ferai
42%
j'ferai
42%
nous
42%
premier
42%
qu'je
42%
tel
42%
t'perdre
42%
vacances
42%
choisir
40%
dans
40%
j'sers
40%
j'veux
40%
plein
40%
qu'j'pourrais
40%
sous
40%
après
38%
artiste
38%
Finalement
38%
prétexte
38%
s'embrouille
38%
seule
38%
soit
38%
trop
38%
tu
38%
cheum
36%
J'décroche
36%
kiffer
36%
lit
36%
qu'j'suis
36%
facile
34%
j'croyais
34%
passer
34%
pire
34%
printemps
34%
relou
34%
Y
34%
âge
32%
améliorer
32%
d'aimer
32%
jusqu'au
32%
promets
32%
d'avoir
30%
douter
30%
doutes
30%
surement
30%
faire
28%
feuilles
28%
tiendra
28%
années
26%
couples
26%
d'mon
26%
foutre
26%
tombent
26%
tous
26%
jours
25%
petit
25%
qu'ça
25%
t'inquiètes
25%
ce que
23%
l'contraire
23%
ouais
23%
vont
23%
d'notice
21%
normal
19%
qu'les
19%
aggressif
13%
lympathique
2%
Aucun quiz correspondant
Distribution des résultats
% des personnes avec chaque résultat
Percentile par nombre de réponses
Votre historique - résultats
Vous n’avez pas pris ce quiz depuis la dernière actualisation